Monsieur d'Éon è una donna /

Guardat en:
Dades bibliogràfiques
Autor principal: Kates, Gary (Autor)
Format: Llibre
Idioma:italià
Publicat: \Milano! : Garzanti, 1997
Col·lecció:Collezione storica
Matèries:
Etiquetes: Afegir etiqueta
Sense etiquetes, Sigues el primer a etiquetar aquest registre!

MARC

LEADER 00000nam a2200000 i 4500
001 IT\ICCU\VIA\0062357
003 ItRI
005 20260124121933.0
008 970516s1997 it |||||| ||||| |||||c
015 |2 IT  |a 98-8152 
020 |a 8811692911 
040 |b ita  |c ct 
041 7 |a ita  |2 ISO-639-2 
082 |a 944.034092  |2 20 
100 1 |a Kates, Gary  |0 IT\ICCU\IEIV\017531  |4 aut 
240 1 0 |a Monsieur d'Éon is a woman.  |9 Kates, Gary 
245 1 0 |a Monsieur d'Éon è una donna /  |c Gary Kates. 
260 |a \Milano! :  |b Garzanti,  |c 1997 
300 |a 404 p., \8! c. di tav. :  |b ill. ;  |c 22 cm 
500 |a Trad. di Sergio Minucci. 
650 7 |a Éon de Beaumont, Charles : de  |2 scbi 
830 0 |a Collezione storica  |0 IT\ICCU\CFI\0124709 
942 |2 ddc  |c BK 
952 |0 0  |1 0  |2 ddc  |4 0  |6 B_LNR01KATGAMON11  |7 0  |9 9113  |a MI  |b MI  |d 2011-11-21  |i 6254  |l 0  |o B-LNR01-KATGA-MON11  |p CDOM6254  |r 2025-07-17 21:50:00  |w 2025-07-17  |x ACQUISTO  |y BK 
952 |0 0  |1 0  |4 0  |6 T_944_034000000000000_KAT  |7 0  |9 15205  |a BO  |b BO  |d 2026-01-15  |i 4285  |l 0  |o T 944.034 KAT  |p BO4285  |r 2026-01-15 23:19:00  |w 2026-01-15  |x [Sebina 5] [1 v.]  |y BK  |z 1 v. 
999 |c 7589  |d 7589